000 00662nam a2200277Ia 4500
005 20260324135828.0
008 008 260324s9999 xx 000 0 eng d
020 _a9780203013922
037 _aEBOOK
040 _aCRL
040 _beng
040 _cCRL
041 _2eng
041 _aeng
084 _qCRL
100 _aGordon De Brouwer; Wisarn Pupphavesa
_91202075
245 0 _aAsia-Pacific Financial Deregulation
260 _bTaylor and Francis
260 _c1999
365 _a
365 _b70.99
856 _uhttp://www.taylorfrancis.com/books/9780203013922
942 _cEBOOK
999 _c1803547
_d1803547